000 00641nam a2200253Ia 4500
003 OSt
005 20220912150838.0
006 a|||||r|||| 00| 0
007 ta
008 220909b |||||||| |||| 00| 0 eng d
024 _a62977
037 _cTextual
040 _aCSL
_beng
_cCSL
041 _aeng
082 _aC9B2, M2
100 _aBransden B H
245 0 _aPhysics of atoms and molecules
260 _aLondon
_bLangman
_c1982
300 _axi,686p.
_ccm.
650 _aAtomic physics
700 _a Joachain C J
942 _hC9B2, M2
_cTEXL
_2CC
999 _c56070
_d56070